[Event "RUS-ch Blitz Women 2021"]
[Site "Sochi"]
[Date "2021.10.11"]
[Round "1.1"]
[White "Charochkina, Daria"]
[Black "Lapina, Maria"]
[Result "1-0"]
[WhiteElo "2327"]
[BlackElo "1986"]
[Annotator "ChessBase"]
[PlyCount "40"]
[EventDate "2021.10.11"]
[EventType "blitz"]
[EventCountry "RUS"]
[SourceTitle "playchess.com"]
[Source "ChessBase"]
[SourceQuality "1"]

1. c4 e6 2. g3 d5 3. Bg2 Nf6 4. b3 b6 5. Bb2 Bb7 6. Qc2 Be7 7. cxd5 exd5 8. Nf3
O-O 9. Nd4 Ne4 10. O-O Bf6 11. Rc1 c5 12. Nf5 Bxb2 13. Qxb2 Qf6 14. Qxf6 Nxf6
15. d4 Nbd7 16. Nc3 Rac8 17. Ne7+ Kh8 18. Nxc8 Rxc8 19. Nb5 Rc7 20. Nxc7 Ng8
1-0

[Event "RUS-ch Blitz Women 2021"]
[Site "Sochi"]
[Date "2021.10.11"]
[Round "1.2"]
[White "Chan, Naruna"]
[Black "Belenkaya, Dina"]
[Result "0-1"]
[WhiteElo "1940"]
[BlackElo "2277"]
[Annotator "ChessBase"]
[PlyCount "154"]
[EventDate "2021.10.11"]
[EventType "blitz"]
[EventCountry "RUS"]
[SourceTitle "playchess.com"]
[Source "ChessBase"]
[SourceQuality "1"]

1. e4 c6 2. d4 d5 3. e5 Bf5 4. h4 Qc7 5. g4 Bd7 6. h5 h6 7. Be3 c5 8. c3 Nc6 9.
f4 cxd4 10. cxd4 e6 11. Nd2 Qb6 12. Nb3 Bb4+ 13. Kf2 f6 14. Nf3 a5 15. Qc2
O-O-O 16. Rc1 Kb8 17. a3 Bf8 18. Nc5 Bxc5 19. dxc5 Qc7 20. Qc3 fxe5 21. Nxe5
Nxe5 22. Qxe5 Qxe5 23. fxe5 Ne7 24. Kg3 Nc6 25. Bf4 Rhf8 26. Bb5 Rf7 27. b4
axb4 28. Bxc6 Bxc6 29. axb4 Bb5 30. Ra1 Rdf8 31. Bd2 Rf3+ 32. Kh4 Rd3 33. Bc1
Rf2 34. Ra5 Bc4 35. b5 Rb3 36. c6 Rxb5 37. Rxb5 Bxb5 38. cxb7 Kxb7 39. Re1 Be2
40. Rg1 Bd3 41. Ba3 Re2 42. Bf8 g5+ 43. hxg6 Rh2+ 44. Kg3 Re2 45. g7 Bh7 46.
Bd6 Kc6 47. Rf1 Re3+ 48. Kh4 d4 49. Rf8 Re2 50. Bb4 d3 51. Bc3 Rc2 52. Ba5 Kb5
53. Be1 Re2 54. Bc3 Rc2 55. Rc8 d2 56. Bxd2 Rxc8 57. Bxh6 Kc5 58. Kg5 Kd5 59.
Kf6 Rc7 60. g5 Bg8 61. g6 Ke4 62. Bd2 Rd7 63. Bb4 Kf4 64. Bd6 Kg4 65. Bf8 Kf4
66. Bd6 Ke4 67. Bf8 Kd5 68. Bd6 Kc6 69. Bf8 Kc7 70. Bd6+ Kd8 71. Bf8 Rd1 72.
Be7+ Kd7 73. Bf8 Rf1+ 74. Kg5 Rf5+ 75. Kg4 Rxe5 76. Kf4 Rf5+ 77. Kg4 Rf1 0-1

[Event "RUS-ch Blitz Women 2021"]
[Site "Sochi"]
[Date "2021.10.11"]
[Round "1.3"]
[White "Sukhareva, Evgeniya"]
[Black "Chekmareva, Liya"]
[Result "1-0"]
[WhiteElo "2143"]
[BlackElo "2024"]
[Annotator "ChessBase"]
[PlyCount "188"]
[EventDate "2021.10.11"]
[EventType "blitz"]
[EventCountry "RUS"]
[SourceTitle "playchess.com"]
[Source "ChessBase"]
[SourceQuality "1"]

1. d4 d5 2. Nf3 Nf6 3. c4 e6 4. Bg5 h6 5. Bh4 Be7 6. e3 O-O 7. Qc2 Ne4 8. Bxe7
Qxe7 9. Nc3 Nxc3 10. Qxc3 c6 11. Bd3 Nd7 12. O-O Nf6 13. Qc2 dxc4 14. Bxc4 Nd5
15. Rac1 Rb8 16. a3 a5 17. Ba2 Bd7 18. Bb1 f5 19. Rfe1 Nf6 20. Nd2 e5 21. Nc4
e4 22. Nxa5 Nd5 23. Nc4 Qg5 24. Ne5 Be6 25. Qe2 h5 26. f3 exf3 27. Qxf3 Rbe8
28. Bc2 h4 29. h3 Rf6 30. Rcd1 Rff8 31. Rd3 Nf6 32. Rf1 Ne4 33. Rdd1 Ng3 34.
Rfe1 Ne4 35. Qf4 Qh5 36. Bxe4 fxe4 37. Qxe4 Bd5 38. Qg4 Qh6 39. e4 Be6 40. Qg6
Qf4 41. Rf1 Qe3+ 42. Kh2 Qg3+ 43. Qxg3 hxg3+ 44. Kxg3 Rf6 45. Rf3 Bc8 46. Rdf1
Ref8 47. Rxf6 gxf6 48. Ng6 Rf7 49. Nf4 Re7 50. Nh5 f5 51. exf5 Re3+ 52. Kh2 Kf7
53. Ng3 Rb3 54. Rf2 Rd3 55. Ne2 Kf6 56. g4 Bd7 57. h4 Re3 58. g5+ Kf7 59. Ng3
Rd3 60. g6+ Kf8 61. f6 Rxd4 62. h5 Rh4+ 63. Kg1 Rg4 64. Kg2 c5 65. g7+ Kf7 66.
h6 Bc6+ 67. Kh3 Bd7 68. Kh2 Rh4+ 69. Kg2 Bc6+ 70. Kg1 Rg4 71. Kh2 Rh4+ 72. Kg1
Rg4 73. Rg2 Bxg2 74. Kxg2 Rh4 75. Kf3 Rxh6 76. Ne4 Rh3+ 77. Kf4 Rh4+ 78. Ke5
Rh5+ 79. Kd6 b6 80. Kc6 Re5 81. Nd6+ Kg8 82. Kxb6 Re6 83. Kxc5 Rxf6 84. b4 Rf2
85. a4 Kxg7 86. a5 Kf8 87. a6 Ke7 88. b5 Rc2+ 89. Nc4 Kd7 90. a7 Ra2 91. Kb6
Kc8 92. Nd6+ Kd7 93. Nb7 Kc8 94. Nc5 Ra6+ 1-0

[Event "RUS-ch Blitz Women 2021"]
[Site "Sochi"]
[Date "2021.10.11"]
[Round "1.4"]
[White "Vanishvili, Mari"]
[Black "Potapova, Margarita"]
[Result "0-1"]
[WhiteElo "1952"]
[BlackElo "2257"]
[Annotator "ChessBase"]
[PlyCount "64"]
[EventDate "2021.10.11"]
[EventType "blitz"]
[EventCountry "RUS"]
[SourceTitle "playchess.com"]
[Source "ChessBase"]
[SourceQuality "1"]

1. e4 c5 2. Nf3 d6 3. Nc3 Nf6 4. e5 dxe5 5. Nxe5 a6 6. g3 Be6 7. Bg2 Nd5 8. O-O
g6 9. Ne4 Bg7 10. Nf3 Nd7 11. d4 c4 12. Nfg5 Bf5 13. g4 Bxe4 14. Nxe4 O-O 15.
c3 e6 16. f4 f5 17. Nf2 b5 18. g5 Qc7 19. Qe2 Rae8 20. Nd1 b4 21. Bd2 a5 22.
Ne3 Nxf4 23. Qxc4 Qb8 24. Bf3 Kh8 25. Kh1 Nb6 26. Qb5 Nh3 27. Ng2 Rd8 28. Rae1
Rfe8 29. Qxa5 Nc4 30. Qxb4 Qxb4 31. cxb4 Nxd2 32. Rg1 Nxf3 0-1

[Event "RUS-ch Blitz Women 2021"]
[Site "Sochi"]
[Date "2021.10.11"]
[Round "1.5"]
[White "Styazhkina, Anna"]
[Black "Shnayder, Violetta"]
[Result "1-0"]
[WhiteElo "2228"]
[BlackElo "1921"]
[Annotator "ChessBase"]
[PlyCount "81"]
[EventDate "2021.10.11"]
[EventType "blitz"]
[EventCountry "RUS"]
[SourceTitle "playchess.com"]
[Source "ChessBase"]
[SourceQuality "1"]

1. e4 b6 2. d4 Bb7 3. Nc3 e6 4. f3 Bb4 5. Nge2 c5 6. a3 Bxc3+ 7. Nxc3 Nc6 8. d5
Nd4 9. Be3 Qh4+ 10. Bf2 Qf6 11. Bxd4 cxd4 12. Nb5 Kf8 13. dxe6 fxe6 14. Qxd4
Bc6 15. O-O-O Ne7 16. Nd6 Nc8 17. e5 Qg5+ 18. f4 Qe7 19. f5 Nxd6 20. exd6 Qg5+
21. Kb1 exf5 22. Bc4 Re8 23. Rhf1 Be4 24. g3 Qf6 25. Qxf6+ gxf6 26. Bd3 Kg7 27.
Rf4 Re6 28. Bc4 Re5 29. g4 fxg4 30. Rxg4+ Bg6 31. h4 h5 32. Rg3 Kh6 33. Rdg1
Bf5 34. Rg7 Bg4 35. Rf7 Rf5 36. Bd3 Rf2 37. Re1 Be6 38. Re7 Rf4 39. R1xe6 dxe6
40. d7 Rd8 41. Rh7# 1-0

[Event "RUS-ch Blitz Women 2021"]
[Site "Sochi"]
[Date "2021.10.11"]
[Round "1.6"]
[White "Shestakova, Ekaterina"]
[Black "Solozhenkina, Elizaveta"]
[Result "1/2-1/2"]
[WhiteElo "1903"]
[BlackElo "2325"]
[Annotator "ChessBase"]
[PlyCount "89"]
[EventDate "2021.10.11"]
[EventType "blitz"]
[EventCountry "RUS"]
[SourceTitle "playchess.com"]
[Source "ChessBase"]
[SourceQuality "1"]

1. e4 c5 2. c3 Nf6 3. e5 Nd5 4. d4 cxd4 5. Nf3 Nc6 6. cxd4 d6 7. Bc4 dxe5 8.
Nxe5 e6 9. O-O Bd6 10. Re1 O-O 11. Nxc6 bxc6 12. Nc3 Qc7 13. h3 Nxc3 14. bxc3
c5 15. d5 exd5 16. Bxd5 Rb8 17. Be3 Bf5 18. Qf3 Bg6 19. Be4 Be5 20. Bxg6 hxg6
21. Rac1 Rb2 22. a4 Rb3 23. Qd5 Rxc3 24. Rxc3 Bxc3 25. Rc1 Bf6 26. Qxc5 Qxc5
27. Rxc5 Ra8 28. Rc7 a6 29. Rc6 Be5 30. Kf1 f6 31. Ke2 g5 32. Kf3 Kf7 33. Ke4
g6 34. f3 Ke7 35. Kd5 Kd7 36. Rb6 a5 37. Rb5 Kc7 38. Bb6+ Kd7 39. Rxa5 Rb8 40.
Ra7+ Ke8 41. Bc7 Bxc7 42. Rxc7 Ra8 43. Rc4 Kd7 44. g3 Ra5+ 45. Kd4 1/2-1/2

[Event "RUS-ch Blitz Women 2021"]
[Site "Sochi"]
[Date "2021.10.11"]
[Round "2.1"]
[White "Goltseva, Ekaterina"]
[Black "Charochkina, Daria"]
[Result "1/2-1/2"]
[WhiteElo "2304"]
[BlackElo "2327"]
[Annotator "ChessBase"]
[PlyCount "140"]
[EventDate "2021.10.11"]
[EventType "blitz"]
[EventCountry "RUS"]
[SourceTitle "playchess.com"]
[Source "ChessBase"]
[SourceQuality "1"]

1. d4 d6 2. Nf3 Nf6 3. c4 g6 4. Nc3 Bf5 5. Qb3 b6 6. g3 Nc6 7. Bg2 Bg7 8. O-O
O-O 9. Qd1 Ne4 10. Bd2 Nxd2 11. Qxd2 e5 12. d5 Na5 13. b3 Bd7 14. e4 a6 15. Qe2
f5 16. Nd2 f4 17. b4 Nb7 18. f3 Qe8 19. Rf2 a5 20. b5 Nc5 21. Qf1 a4 22. Rd1 g5
23. Bh3 Qh5 24. Bxd7 Nxd7 25. g4 Qf7 26. Rg2 Kh8 27. Kf2 Nc5 28. Ke2 a3 29. Rg1
Ra4 30. Rb1 Rfa8 31. Nxa4 Nxa4 32. Rb3 Nc5 33. Rc3 h5 34. Qg2 h4 35. Qf1 Qe8
36. Qb1 Ra5 37. Qb4 Qa8 38. Rgc1 Bf6 39. Qb1 Be7 40. Qc2 Ra4 41. Nb3 Rb4 42.
Nxc5 Rb2 43. Ne6 Rxc2+ 44. R1xc2 Qa7 45. Rd2 Qa5 46. Rdc2 Qa7 47. Rb3 Qa5 48.
Rcc3 Qa4 49. Nxc7 Bd8 50. Ne6 Be7 51. Kd3 Qa5 52. Rxa3 Qb4 53. Ra8+ Kh7 54. Ra7
Qb1+ 55. Kd2 Qh1 56. Rxe7+ Kg6 57. Rg7+ Kf6 58. Rxg5 Qxh2+ 59. Kc1 Qg1+ 60. Kb2
h3 61. Rf5+ Kg6 62. Rg5+ Kf6 63. Rf5+ Ke7 64. Ra3 Qf2+ 65. Kb1 Qe1+ 66. Kc2
Qe2+ 67. Kb3 Qd1+ 68. Kb2 Qd2+ 69. Kb3 Qd1+ 70. Kb2 Qd2+ 1/2-1/2

[Event "RUS-ch Blitz Women 2021"]
[Site "Sochi"]
[Date "2021.10.11"]
[Round "2.2"]
[White "Belenkaya, Dina"]
[Black "Nasybullina, Alfia"]
[Result "1-0"]
[WhiteElo "2277"]
[BlackElo "2101"]
[Annotator "ChessBase"]
[PlyCount "39"]
[EventDate "2021.10.11"]
[EventType "blitz"]
[EventCountry "RUS"]
[SourceTitle "playchess.com"]
[Source "ChessBase"]
[SourceQuality "1"]

1. e4 c5 2. Nc3 Nc6 3. g3 g6 4. Bg2 Bg7 5. Nge2 Rb8 6. d3 b5 7. O-O b4 8. Nd5
e6 9. Ne3 Nge7 10. f4 d6 11. f5 f6 12. Nf4 e5 13. Nfd5 Nxd5 14. Nxd5 gxf5 15.
Qh5+ Kf8 16. Bh6 Be6 17. Bh3 Qe8 18. Qh4 Bxd5 19. Qxf6+ Qf7 20. Bxg7+ 1-0

[Event "RUS-ch Blitz Women 2021"]
[Site "Sochi"]
[Date "2021.10.11"]
[Round "2.3"]
[White "Samigullina, Diana"]
[Black "Sukhareva, Evgeniya"]
[Result "0-1"]
[WhiteElo "2161"]
[BlackElo "2143"]
[Annotator "ChessBase"]
[PlyCount "61"]
[EventDate "2021.10.11"]
[EventType "blitz"]
[EventCountry "RUS"]
[SourceTitle "playchess.com"]
[Source "ChessBase"]
[SourceQuality "1"]

1. d4 Nf6 2. Nf3 e6 3. Bf4 b6 4. e3 Bb7 5. h3 g6 6. Be2 Bg7 7. O-O d6 8. c3
Nbd7 9. a4 a6 10. Nbd2 Qe7 11. a5 b5 12. c4 bxc4 13. Nxc4 O-O 14. Rc1 Ne4 15.
Qb3 Rab8 16. Qa3 c5 17. Ncd2 Rfd8 18. Nxe4 Bxe4 19. Bxa6 Bxf3 20. gxf3 Qh4 21.
Kg2 e5 22. Bg3 Qe7 23. d5 e4 24. Rc2 exf3+ 25. Kh2 h5 26. h4 Be5 27. Kg1 Rb4
28. Bc4 Bxg3 29. fxg3 Qe4 30. Qd3 Qg4 31. Kh2 0-1

[Event "RUS-ch Blitz Women 2021"]
[Site "Sochi"]
[Date "2021.10.11"]
[Round "2.4"]
[White "Potapova, Margarita"]
[Black "Nosacheva, Mariya"]
[Result "1-0"]
[WhiteElo "2257"]
[BlackElo "2239"]
[Annotator "ChessBase"]
[PlyCount "67"]
[EventDate "2021.10.11"]
[EventType "blitz"]
[EventCountry "RUS"]
[SourceTitle "playchess.com"]
[Source "ChessBase"]
[SourceQuality "1"]

1. d4 Nf6 2. c4 g6 3. Nc3 Bg7 4. e4 d6 5. h3 O-O 6. Be3 Na6 7. Bd3 c5 8. d5 Nb4
9. Bb1 b5 10. cxb5 e6 11. a3 Qa5 12. Bd2 exd5 13. exd5 Re8+ 14. Nge2 Bd7 15.
O-O Bxb5 16. Nxb5 Qxb5 17. Nc3 Qa6 18. Bf4 c4 19. Bxg6 hxg6 20. axb4 Qb6 21. b5
Ne4 22. Be3 Qb7 23. Nxe4 Rxe4 24. Ra6 Qxb5 25. Rxd6 Bxb2 26. Qc2 Re7 27. Bg5
Rb7 28. Bh6 Bg7 29. Bxg7 Kxg7 30. Qc3+ Kg8 31. Qf6 Rc8 32. Re1 c3 33. Rc6 Rxc6
34. Re8+ 1-0

[Event "RUS-ch Blitz Women 2021"]
[Site "Sochi"]
[Date "2021.10.11"]
[Round "2.5"]
[White "Borisova, Ekaterina"]
[Black "Styazhkina, Anna"]
[Result "1-0"]
[WhiteElo "2250"]
[BlackElo "2228"]
[Annotator "ChessBase"]
[PlyCount "67"]
[EventDate "2021.10.11"]
[EventType "blitz"]
[EventCountry "RUS"]
[SourceTitle "playchess.com"]
[Source "ChessBase"]
[SourceQuality "1"]

1. Nf3 d5 2. g3 c6 3. Bg2 Bg4 4. h3 Bh5 5. d3 Nd7 6. O-O e6 7. e4 Bd6 8. exd5
cxd5 9. c4 Ngf6 10. Nc3 O-O 11. cxd5 Nxd5 12. Nxd5 exd5 13. Qb3 Nb6 14. a4 a5
15. Be3 Ra6 16. Nd4 Bg6 17. Nb5 Bb8 18. Rac1 Qd7 19. Bd4 Bf5 20. Kh2 Be6 21. f4
f6 22. Rfe1 Bf7 23. Re2 Nc8 24. Rce1 Nd6 25. Re7 Qd8 26. Bc5 Nxb5 27. axb5 Ra8
28. Rxb7 a4 29. Qb4 Re8 30. Rbe7 Bc7 31. b6 Bb8 32. Rxe8+ Bxe8 33. Bxd5+ Kh8
34. Bxa8 1-0

[Event "RUS-ch Blitz Women 2021"]
[Site "Sochi"]
[Date "2021.10.11"]
[Round "2.6"]
[White "Yakimova, Mariya"]
[Black "Balaian, Alina"]
[Result "1-0"]
[WhiteElo "2219"]
[BlackElo "2242"]
[Annotator "ChessBase"]
[PlyCount "103"]
[EventDate "2021.10.11"]
[EventType "blitz"]
[EventCountry "RUS"]
[SourceTitle "playchess.com"]
[Source "ChessBase"]
[SourceQuality "1"]

1. d4 c5 2. d5 e5 3. c4 d6 4. e4 Be7 5. Nc3 Bg5 6. Bxg5 Qxg5 7. Qd2 Qe7 8. Bd3
Nh6 9. Nge2 O-O 10. O-O f5 11. exf5 Bxf5 12. Bxf5 Nxf5 13. Ne4 Nd7 14. Qg5 Qf7
15. N2g3 Nb6 16. Nxf5 Qxf5 17. Qxf5 Rxf5 18. Nxd6 Rf6 19. Nxb7 Nxc4 20. b3 Nb6
21. Rfd1 Rb8 22. Nxc5 Rd8 23. Ne4 Rf4 24. f3 Rxd5 25. Rxd5 Nxd5 26. Rd1 Nb6 27.
Kf2 Rf8 28. Rc1 Rf7 29. Rc5 Re7 30. a4 Kf7 31. a5 Nd7 32. Rc7 Nb8 33. Nd6+ Ke6
34. Rxe7+ Kxe7 35. Nc8+ Kd7 36. Nxa7 Na6 37. Ke3 Kd6 38. Nc8+ Kc7 39. Ne7 Kd7
40. Nf5 g6 41. Ng3 Kd6 42. Ne4+ Kd5 43. Nf6+ Kc5 44. Nxh7 Kb4 45. Ke4 Kxa5 46.
Kxe5 Nc5 47. Nf8 g5 48. Ne6 Nxb3 49. Nxg5 Nd2 50. h4 Nc4+ 51. Kf6 Nd6 52. h5
1-0

[Event "RUS-ch Blitz Women 2021"]
[Site "Sochi"]
[Date "2021.10.11"]
[Round "3.1"]
[White "Nasyrova, Ekaterina"]
[Black "Belenkaya, Dina"]
[Result "1-0"]
[WhiteElo "2091"]
[BlackElo "2277"]
[Annotator "ChessBase"]
[PlyCount "73"]
[EventDate "2021.10.11"]
[EventType "blitz"]
[EventCountry "RUS"]
[SourceTitle "playchess.com"]
[Source "ChessBase"]
[SourceQuality "1"]

1. d4 d5 2. Nf3 Nf6 3. c4 dxc4 4. e3 e6 5. Bxc4 a6 6. O-O Nbd7 7. a4 c5 8. Nc3
Be7 9. a5 O-O 10. Qe2 Qc7 11. Bd2 Rd8 12. Rfc1 Nf8 13. Na4 Ne4 14. Be1 Bd7 15.
Nb6 Rab8 16. Bd3 Bc6 17. Ne5 Bd5 18. b4 Bd6 19. Nf3 Qe7 20. bxc5 Bc7 21. Nxd5
exd5 22. Nd2 Ng6 23. Nxe4 dxe4 24. Bc4 Nh4 25. Qg4 Kh8 26. f4 exf3 27. Qxh4
Qxe3+ 28. Bf2 Qd2 29. Rd1 Qc2 30. Bxf7 fxg2 31. d5 Be5 32. d6 Rf8 33. Bh5 Bxa1
34. Rxa1 Qb2 35. Re1 g6 36. Bxg6 Qg7 37. Bd4 1-0

[Event "RUS-ch Blitz Women 2021"]
[Site "Sochi"]
[Date "2021.10.11"]
[Round "3.2"]
[White "Sukhareva, Evgeniya"]
[Black "Borisova, Ekaterina"]
[Result "0-1"]
[WhiteElo "2143"]
[BlackElo "2250"]
[Annotator "ChessBase"]
[PlyCount "82"]
[EventDate "2021.10.11"]
[EventType "blitz"]
[EventCountry "RUS"]
[SourceTitle "playchess.com"]
[Source "ChessBase"]
[SourceQuality "1"]

1. d4 Nf6 2. c4 e6 3. Nc3 Bb4 4. Qc2 c5 5. e3 O-O 6. Nf3 cxd4 7. exd4 d5 8. a3
Be7 9. Bg5 dxc4 10. Bxc4 Nbd7 11. O-O b6 12. Rad1 Bb7 13. Ne5 Rc8 14. Ba2 h6
15. Bh4 Ne4 16. Bxe7 Qxe7 17. Bb1 Ndf6 18. Rfe1 Rfd8 19. Re3 Kf8 20. f3 Nxc3
21. bxc3 Qxa3 22. Nxf7 Kxf7 23. Qg6+ Kf8 24. Rxe6 Bd5 25. Rxf6+ gxf6 26. Qxf6+
Bf7 27. Qh8+ Ke7 28. Re1+ Kd7 29. Qf6 Bc4 30. Re7+ Qxe7 31. Bf5+ Be6 32. Qe5
Bxf5 33. Qxf5+ Qe6 34. Qh7+ Kd6 35. h3 Rxc3 36. Qxa7 Rc1+ 37. Kh2 Rc6 38. Qa3+
Kd7 39. Qa7+ Rc7 40. Qa4+ Ke7 41. Qb4+ Qd6+ 0-1

[Event "RUS-ch Blitz Women 2021"]
[Site "Sochi"]
[Date "2021.10.11"]
[Round "3.3"]
[White "Yakimova, Mariya"]
[Black "Potapova, Margarita"]
[Result "0-1"]
[WhiteElo "2219"]
[BlackElo "2257"]
[Annotator "ChessBase"]
[PlyCount "84"]
[EventDate "2021.10.11"]
[EventType "blitz"]
[EventCountry "RUS"]
[SourceTitle "playchess.com"]
[Source "ChessBase"]
[SourceQuality "1"]

1. d4 Nf6 2. c4 e6 3. g3 d5 4. Nf3 dxc4 5. Bg2 Nc6 6. Qa4 Bb4+ 7. Bd2 Nd5 8.
Bxb4 Ndxb4 9. O-O O-O 10. Nc3 a6 11. a3 Nd5 12. Qxc4 Nde7 13. e4 b5 14. Qc5 Na5
15. Rad1 Bb7 16. Ne5 Qd6 17. Qxd6 cxd6 18. Nd7 Rfd8 19. Nb6 Rab8 20. b4 Nac6
21. d5 Ne5 22. a4 a5 23. bxa5 b4 24. Nb5 exd5 25. exd5 Nc8 26. f4 Nxb6 27. fxe5
Nxa4 28. Nxd6 Ba6 29. Rxf7 Rxd6 30. Ra7 Rg6 31. d6 Nc5 32. d7 Rd8 33. Bd5+ Kf8
34. Rf1+ Bxf1 35. Kxf1 Rxd7 36. Ra8+ Ke7 37. Bf3 b3 38. Rb8 Ra6 39. Rb5 Ne6 40.
Bb7 Ra7 41. Bc6 Rdc7 42. Bd5 Rc5 0-1

[Event "RUS-ch Blitz Women 2021"]
[Site "Sochi"]
[Date "2021.10.11"]
[Round "3.4"]
[White "Lysenko, Margarita"]
[Black "Nur-Mukhametova, Alisa"]
[Result "1-0"]
[WhiteElo "2252"]
[BlackElo "2225"]
[Annotator "ChessBase"]
[PlyCount "161"]
[EventDate "2021.10.11"]
[EventType "blitz"]
[EventCountry "RUS"]
[SourceTitle "playchess.com"]
[Source "ChessBase"]
[SourceQuality "1"]

1. d4 Nf6 2. c4 g6 3. Nf3 Bg7 4. g3 O-O 5. Bg2 c5 6. O-O cxd4 7. Qxd4 Nc6 8.
Qh4 d6 9. Nc3 Bd7 10. Bh6 Bxh6 11. Qxh6 Ng4 12. Qd2 Kg7 13. Nd5 Rc8 14. b3 a6
15. h3 Nge5 16. Ng5 f6 17. Ne4 b5 18. f4 Nf7 19. Rac1 Be6 20. Nf2 bxc4 21. Rxc4
Qa5 22. Qxa5 Nxa5 23. Ra4 Bxd5 24. Bxd5 Nc6 25. Bxf7 Kxf7 26. Rxa6 Nd4 27. e3
Nc2 28. Nd1 Ra8 29. Rxa8 Rxa8 30. a4 Na1 31. Nc3 Nxb3 32. Rb1 Nc5 33. Ra1 Ke6
34. Kf2 f5 35. Ke2 Kd7 36. Nd5 Ra6 37. Nc3 Ra8 38. Ra2 Kc6 39. Ra1 Ra7 40. Ra3
Ra5 41. Ra1 e6 42. Ra3 Ra6 43. Ra1 Ra8 44. Ra3 Nd7 45. Nb5 Nc5 46. Nc3 Ra7 47.
Ra1 Ra8 48. Ra3 Nd7 49. Ra1 Nb6 50. g4 Kc5 51. Rc1 Kb4 52. Rb1+ Kxc3 53. Rxb6
Rxa4 54. Rxd6 Ra2+ 55. Kf3 Rh2 56. Kg3 Re2 57. Rxe6 Kd3 58. gxf5 gxf5 59. Kf3
Rh2 60. Rd6+ Kc4 61. Rf6 Rxh3+ 62. Kf2 Rh5 63. Rd6 Kc5 64. Rd8 Rh3 65. Rd7 Kc6
66. Rd8 Kc7 67. Rd4 Rh6 68. Rd5 Rf6 69. Kf3 Kc6 70. Rd1 Kc7 71. e4 fxe4+ 72.
Kxe4 h5 73. Ke5 Ra6 74. f5 Ra5+ 75. Kf4 h4 76. f6 Ra8 77. Kg5 h3 78. f7 Rh8 79.
Kg6 h2 80. Rh1 Kd7 81. Kg7 1-0

[Event "RUS-ch Blitz Women 2021"]
[Site "Sochi"]
[Date "2021.10.11"]
[Round "3.5"]
[White "Vasilevich, Tatjana"]
[Black "Filippova, Darya"]
[Result "0-1"]
[WhiteElo "2326"]
[BlackElo "1992"]
[Annotator "ChessBase"]
[PlyCount "67"]
[EventDate "2021.10.11"]
[EventType "blitz"]
[EventCountry "RUS"]
[SourceTitle "playchess.com"]
[Source "ChessBase"]
[SourceQuality "1"]

1. d4 Nf6 2. c4 e6 3. g3 d5 4. Bg2 Be7 5. Nf3 O-O 6. O-O c5 7. cxd5 exd5 8. Nc3
Nc6 9. dxc5 Bxc5 10. Bg5 Be6 11. Rc1 d4 12. Bxf6 gxf6 13. Ne4 Bb6 14. Qa4 f5
15. Nc5 Bxc5 16. Rxc5 Qf6 17. Rd1 Rfd8 18. Qb5 Rd7 19. Nh4 a6 20. Qb6 Ne5 21.
Rc7 Rxc7 22. Qxc7 Rc8 23. Qxb7 Rc2 24. Qxa6 Rxb2 25. a4 f4 26. Qa8+ Kg7 27. Qe4
Bg4 28. Nf3 Nxf3+ 29. exf3 Bd7 30. a5 Ra2 31. Qd5 Be6 32. Qb5 Qf5 33. Qxf5 Bxf5
34. g4 0-1

[Event "RUS-ch Blitz Women 2021"]
[Site "Sochi"]
[Date "2021.10.11"]
[Round "3.6"]
[White "Gvanceladze, Anna"]
[Black "Murashova, Ekaterina"]
[Result "0-1"]
[WhiteElo "2196"]
[BlackElo "2213"]
[Annotator "ChessBase"]
[PlyCount "40"]
[EventDate "2021.10.11"]
[EventType "blitz"]
[EventCountry "RUS"]
[SourceTitle "playchess.com"]
[Source "ChessBase"]
[SourceQuality "1"]

1. d4 g6 2. Nc3 Bg7 3. Bf4 d6 4. Qd2 Nd7 5. O-O-O e5 6. Bg5 f6 7. Bh4 Ne7 8. e4
O-O 9. Bc4+ Kh8 10. Nge2 a6 11. Kb1 b5 12. Be6 Nb6 13. Bxc8 Qxc8 14. dxe5 dxe5
15. Bg3 c6 16. h4 b4 17. Qe3 Rb8 18. Qc5 bxc3 19. Qxe7 cxb2 20. Kxb2 Nd5+ 0-1

[Event "RUS-ch Blitz Women 2021"]
[Site "Sochi"]
[Date "2021.10.11"]
[Round "5.1"]
[White "Lysenko, Margarita"]
[Black "Potapova, Margarita"]
[Result "1-0"]
[WhiteElo "2252"]
[BlackElo "2257"]
[Annotator "NA"]
[PlyCount "59"]
[EventDate "2021.10.11"]
[EventType "blitz"]
[EventCountry "RUS"]
[SourceTitle "playchess.com"]
[Source "ChessBase"]
[SourceQuality "1"]

1. d4 Nf6 2. c4 e6 3. Nc3 Bb4 4. f3 d5 5. a3 Be7 6. e4 dxe4 7. fxe4 c5 8. d5
exd5 9. exd5 O-O 10. Nf3 Re8 11. Be2 Bg4 12. O-O Nbd7 13. Qc2 h6 14. h3 Bh5 15.
Bf4 a6 16. Bh2 Nf8 17. Bd3 Bg6 18. Nh4 Bxd3 19. Qxd3 Nxd5 20. Qxd5 Bxh4 21.
Qxf7+ Kh8 22. Nd5 Ne6 23. Be5 Qg5 24. Rf5 Qd8 25. Qg6 Kg8 26. Raf1 b5 27. g3
Bg5 28. Rf7 Re7 29. Nxe7+ Bxe7 30. Rxg7+ 1-0

[Event "RUS-ch Blitz Women 2021"]
[Site "Sochi"]
[Date "2021.10.11"]
[Round "5.2"]
[White "Charochkina, Daria"]
[Black "Murashova, Ekaterina"]
[Result "1-0"]
[WhiteElo "2327"]
[BlackElo "2213"]
[Annotator "NA"]
[PlyCount "129"]
[EventDate "2021.10.11"]
[EventType "blitz"]
[EventCountry "RUS"]
[SourceTitle "playchess.com"]
[Source "ChessBase"]
[SourceQuality "1"]

1. d4 g6 2. e4 Bg7 3. Nc3 c6 4. Be3 d6 5. h4 h6 6. f3 Nd7 7. Qd2 b5 8. O-O-O
Nb6 9. Kb1 b4 10. Nce2 Nc4 11. Qc1 Nxe3 12. Qxe3 a5 13. Nf4 Qb6 14. Qd2 a4 15.
Nge2 b3 16. cxb3 axb3 17. a3 e6 18. Nc3 Ne7 19. g4 c5 20. Bb5+ Kf8 21. dxc5
Qxc5 22. Nfe2 Bxc3 23. Qxc3 Qxc3 24. Nxc3 Ba6 25. Rxd6 Bxb5 26. Nxb5 Kg7 27.
Rc1 Rhd8 28. Rc7 Rxd6 29. Nxd6 Kf8 30. e5 Ra5 31. Nc4 Rd5 32. Kc1 Rd3 33. Nd2
Nd5 34. Rc8+ Kg7 35. Rb8 Re3 36. Rxb3 Rxe5 37. a4 Nf4 38. Kc2 Rc5+ 39. Rc3 Ra5
40. b3 Nd5 41. Rc8 Nb4+ 42. Kc3 Nd5+ 43. Kb2 Nb4 44. Rc4 Nd3+ 45. Kc3 Ne5 46.
Re4 Nd7 47. Nc4 Rd5 48. Rd4 Nf6 49. Rxd5 Nxd5+ 50. Kd4 Kf8 51. a5 Nc7 52. b4
Ke7 53. Kc5 Kd7 54. Ne5+ Kc8 55. b5 f5 56. Nxg6 fxg4 57. fxg4 Kb7 58. Ne5 Nd5
59. Nf7 Nc3 60. Nxh6 e5 61. Kc4 Ne2 62. Nf5 Nf4 63. h5 Ne6 64. h6 Ng5 65. Kd5
1-0

[Event "RUS-ch Blitz Women 2021"]
[Site "Sochi"]
[Date "2021.10.11"]
[Round "5.3"]
[White "Shubenkova, Veronika"]
[Black "Solozhenkina, Elizaveta"]
[Result "1/2-1/2"]
[WhiteElo "1762"]
[BlackElo "2325"]
[Annotator "NA"]
[PlyCount "116"]
[EventDate "2021.10.11"]
[EventType "blitz"]
[EventCountry "RUS"]
[SourceTitle "playchess.com"]
[Source "ChessBase"]
[SourceQuality "1"]

1. d4 Nf6 2. Nf3 e6 3. e3 c5 4. Bd3 b6 5. O-O Bb7 6. b3 d5 7. Ne5 Bd6 8. f4 O-O
9. Bb2 Ne4 10. Nd2 Nd7 11. Rf3 f5 12. Rh3 Ndf6 13. Nxe4 dxe4 14. Bc4 Bd5 15.
Bxd5 exd5 16. c4 cxd4 17. Bxd4 dxc4 18. Nxc4 Bc5 19. Bxc5 bxc5 20. Ne5 Qxd1+
21. Rxd1 Rfd8 22. Rc1 Rac8 23. Nc4 Rd3 24. Kf2 h5 25. Rg3 Kh7 26. Rg5 Ng4+ 27.
Ke2 g6 28. h3 Nh6 29. Ne5 Rd6 30. g4 hxg4 31. hxg4 Rcd8 32. Nc4 R6d7 33. gxf5
Nxf5 34. Rh1+ Kg7 35. Rhg1 Ne7 36. f5 Rh8 37. fxg6 Rh2+ 38. R1g2 Rh1 39. Rf2
Kh6 40. Rxc5 Nxg6 41. Rc6 Rg1 42. Ne5 Rg7 43. Rh2+ Kg5 44. Nxg6 Rxg6 45. Rc5+
Kg4 46. Rc4 Ra1 47. Rxe4+ Kg3 48. Rh8 Rxa2+ 49. Kd3 Rd6+ 50. Rd4 Rb6 51. Rg8+
Kh3 52. Kc4 Rc2+ 53. Kd3 Rb2 54. Rd7 R2xb3+ 55. Kd4 R3b4+ 56. Kc3 Rb3+ 57. Kc4
R3b4+ 58. Kc3 Rb3+ 1/2-1/2